Analysis of E-Consumer Behaviour – Selected Findings From an Analysis of Czech E-Shops and Their Customers During the Global Pandemic
Definícia e-commerce a m-commerce. Čiastkové kvalitatívne výsledky realizovaného komplexného výskumu vybraných charakteristík spotrebiteľského správania a jeho zmien počas prvého lockdownu COVID-19. Využívanie moderných metód zberu údajov na účely analýzy správania spotrebiteľov.
Guardado en:
| Autor principal: | |
|---|---|
| Otros Autores: | |
| Formato: | Capítulo de libro |
| Lenguaje: | inglés |
| Materias: | |
| Etiquetas: |
Sin Etiquetas, Sea el primero en etiquetar este registro!
|
MARC
| LEADER | 00000naa$a2200000$$$4500 | ||
|---|---|---|---|
| 001 | 0271995 | ||
| 005 | 20240502083827.8 | ||
| 041 | 0 | |a eng | |
| 044 | |a FR | ||
| 245 | 1 | 0 | |a Analysis of E-Consumer Behaviour – Selected Findings From an Analysis of Czech E-Shops and Their Customers During the Global Pandemic |c František Pollák, Michal Konečný |
| 520 | |a Definícia e-commerce a m-commerce. Čiastkové kvalitatívne výsledky realizovaného komplexného výskumu vybraných charakteristík spotrebiteľského správania a jeho zmien počas prvého lockdownu COVID-19. Využívanie moderných metód zberu údajov na účely analýzy správania spotrebiteľov. | ||
| 610 | 2 | 0 | |a pandémia |
| 610 | 2 | 0 | |a koronavírus |
| 610 | 2 | 0 | |a siete sociálne |
| 610 | 2 | 0 | |a správanie spotrebiteľa |
| 610 | 2 | 0 | |a obchod elektronický |
| 100 | 1 | |a Pollák, František, 1985- | |
| 700 | 1 | |a Konečný, Michal, 1993- | |